00371 a2200121 4500020001800000050002000018100002900038245004900067264005100116300001200167500005000179650002000229 a9780810106079 aML3797 MER 1964 aMerriam, Alan P.eauthor aThe anthropology of music /cAlan P. Merriam aIllinois :bNorthwest University Press,c1964. a358p. ; aIncludes bibliographical references and index aEthnomusicology